Études sur l'exposition de 1878 (Record no. 153984)
[ view plain ]
| 000 -LEADER | |
|---|---|
| campo de control de longitud fija | 01324nam a22002055i 4500 |
| 001 - NÚMERO DE CONTROL | |
| campo de control | 153984 |
| 003 - IDENTIFICADOR DE NÚMERO DE CONTROL | |
| campo de control | ES-MaACL |
| 005 - FECHA Y HORA DE LA ÚLTIMA TRANSACCIÓN | |
| campo de control | 20250728235802.0 |
| 008 - DATOS DE LONGITUD FIJA--INFORMACIÓN GENERAL | |
| campo de control de longitud fija | 020712q18011900fr |||| | fre d |
| 040 ## - FUENTE DE CATALOGACIÓN | |
| Centro catalogador/agencia de origen | CCPB | B |
| Lengua de catalogación | spa |
| Centro/agencia transcriptor | CCPB | B |
| 245 00 - MENCIÓN DEL TÍTULO | |
| Título | Études sur l'exposition de 1878 |
| Resto del título | : 2e partie des annales et archives de l'industrie au XIXe siècle / |
| Mención de responsabilidad, etc. | publièes par les rédacteurs ... E. Lacroix directeur de la publication. |
| 260 ## - PUBLICACIÓN, DISTRIBUCIÓN, ETC. | |
| Lugar de publicación, distribución, etc. | Paris : |
| Nombre del editor, distribuidor, etc. | Librairie scientfique, industrielle et agricole Eugène Lacroix, |
| Fecha de publicación, distribución, etc. | [s.a.] |
| 300 ## - DESCRIPCIÓN FÍSICA | |
| Extensión | 11 v. ; |
| Dimensiones | 25 cm. |
| 505 8# - NOTA DE CONTENIDO CON FORMATO | |
| Nota de contenido con formato | Contiene: T. I. Introduction générale, hydraulique ... -- T. II. Agriculture ... -- T. III. Les arts textiles, la métallurgie ... -- T. IV. Chauffage et ventilation des édifices privés et publics ... -- T. V. Arts militaires ... -- T.VI. Météorologie ... T. VII. Art industriel ... -- T. VIII. Les progrès de l'hygiène ... -- T. IX. Construction des palais du Champ-de-Mars et du Trocadéro ... -- T. X. Atlas I. Planches des tomes I, II, III et IV -- T. XI. Atlas II. Planches des tomes V, VI, VII, VIII et IX |
| 650 #7 - PUNTO DE ACCESO ADICIONAL DE MATERIA--TÉRMINO DE MATERIA | |
| Término de materia o nombre geográfico como elemento de entrada | Industria |
| Fuente del encabezamiento o término | embne |
| 9 (RLIN) | 13713 |
| 700 1# - ENTRADA AGREGADA--NOMBRE PERSONAL | |
| Nombre de persona | Lacroix, Eugène. |
| 9 (RLIN) | 128568 |
| 711 2# - ENTRADA AGREGADA--NOMBRE DE REUNIÓN | |
| Nombre de congreso/reunión o jurisdicción como elemento de entrada | Exposition Universelle ( |
| Fecha del congreso o de la firma del tratado | 1878. |
| Sede del congreso/Lugar de la reunión | Paris) |
| 9 (RLIN) | 135143 |
| 852 ## - LOCALIZACIÓN | |
| Ubicación | ES-MaACL |
| Número de control de estantería | G-1139-49 |
| Nota libre | -- Enc. hol. |
| Estatus retirado | Estado de pérdida | Estado de daño | No para préstamo | Biblioteca de origen | Biblioteca actual | Ubicación en estantería | Fecha de adquisición | Total de préstamos | Signatura topográfica completa | Código de barras | Visto por última vez | Precio de reemplazo | Tipo de ítem Koha |
|---|---|---|---|---|---|---|---|---|---|---|---|---|---|
| Biblioteca del Ateneo de Madrid | Biblioteca del Ateneo de Madrid | Sala Pecera Planta 3 | 17/01/2008 | G-1139-49 | 1161000 | 23/02/2023 | 23/02/2023 | Libro impreso |
